Musique de Johnny Hallyday - Statistiques

Statistiques générales
  • Ce quiz a été pris 546 fois
  • Le résultat moyen est 9 sur 14
Answers on the Grid
Answers color-coded by a green-red scale on the quiz's grid according to % correct below.
Allumer le feu
Des attractions désastres
Diego libre dans sa tête
Donnez-moi
Encore et Encore
Encore un matin
Gabrielle
Il jouait du piano
Je suis né dans la rue
Je te promets
L'Aziza
L'envie
L'hymne à l'amour
La bicyclette
La boîte de Jazz
La fête
Laura
Le feu
Le pénitencier
Les Champs-Elysées
Les tournesols
Machistador
Mademoiselle chante le blues
Mon p'tit loup
Prière Païenne
Que je t'aime
Quelque chose de Tennessee
Requiem pour un fou
Respire encore
Rue des étoiles
T'en va pas
Tu ne m'as pas laissé le temps
 
Statistiques - réponses
Réponse % Correct
Je te promets
88%
Allumer le feu
86%
L'envie
85%
Que je t'aime
84%
Gabrielle
82%
Le pénitencier
81%
Quelque chose de Tennessee
81%
Laura
78%
Diego libre dans sa tête
77%
Requiem pour un fou
76%
Je suis né dans la rue
39%
Le feu
27%
L'hymne à l'amour
27%
Mon p'tit loup
24%
Aucun quiz correspondant
Distribution des résultats
% des personnes avec chaque résultat
Percentile par nombre de réponses
Votre historique - résultats
Vous n’avez pas pris ce quiz